The Oxford 3000 - Letter W - Translate from Polish to English - Statystyki

Ogólne statystyki
  • Ten quiz został rozwiązany 27 razy
  • Średni wynik to 75 z 104
Statystyki odpowiedzi
Polish Angielski % Poprawnych
budzić wake
100%
chodzić; spacer walk
100%
wojna war
100%
ciepły; ogrzewać warm
100%
woda; podlewać water
100%
my we
100%
czekać; czekanie; oczekiwanie wait
93%
ściana; mur wall
93%
myć; prać; mycie; pranie wash
93%
pranie; mycie(czynność) washing
93%
oglądać; zegarek watch
93%
tydzień week
93%
weekend weekend
93%
mokry wet
93%
co; jaki what
93%
cokolwiek; jakikolwiek whatever
93%
kiedy when
93%
gdzie where
93%
biały; biel white
93%
kto; który who
93%
dlaczego why
93%
żona wife
93%
wygrać; zwycięstwo win
93%
okno window
93%
wino wine
93%
zwycięzca winner
93%
zima winter
93%
z with
93%
kobieta woman
93%
kelner waiter
86%
chcieć; potrzebować want
86%
nosić (ubrania); zużywać wear
86%
pogoda weather
86%
witamy; witać; mile widziany; powitanie welcome
86%
zachód; zachodni; na zachód west
86%
koło(pojazdy) wheel
86%
bez without
86%
słowo word
86%
świat world
86%
wow wow
86%
pisać write
86%
ostrzegać warn
79%
ostrzeżenie warning
79%
odpad; marnotrawstwo; marnować; zużyty; nieużyteczny waste
79%
fala; machnięcie; machać wave
79%
ślub; wesele wedding
79%
Środa Wednesday
79%
kiedykolwiek whenever
79%
gdziekolwiek wherever
79%
który; które which
79%
dziki wild
79%
drewno; las wood
79%
pracować; praca work
79%
pracownik worker
79%
pisarz; autor writer
79%
droga; sposób; bardzo way
71%
słaby weak
71%
słabość weakness
71%
sieć; pajęczyna web
71%
ważyć weigh
71%
waga; ciężar weight
71%
dobrze; zdrowy; cóż; no cóż well
71%
wiatr; zwijać; nakręcać wind
71%
skrzydło wing
71%
życzyć; życzenie wish
71%
drewniany wooden
71%
najgorszy; najgorzej; najgorsze worst
71%
strona internetowa website
64%
szeptać; szept whisper
64%
cały; całość whole
64%
czyj whose
64%
szeroki wide
64%
będzie(czasownik modalny); wola; testament will
64%
wełna wool
64%
gorszy; gorzej; coś gorszego worse
64%
pisanie; tekst writing
64%
broń weapon
57%
zachodni western
57%
kogo; komu whom
57%
wspaniały wonderful
57%
pracujący; działający working
57%
ogólnoświatowy; na całym świecie worldwide
57%
pisemny; napisany written
57%
zły; błędny; źle; krzywda; niesprawiedliwość wrong
57%
płaca; wynagrodzenie wage
50%
bogactwo; majątek wealth
50%
bogaty; majętny wealthy
50%
podczas gdy; chwila while
50%
drut; przewód wire
50%
mądry wise
50%
zastanawiać się; cud wonder
50%
zmartwiony worried
50%
martwić się; zmartwienie worry
50%
szeroko; powszechnie widely
43%
rana; ranić wound
43%
chętny; skłonny willing
36%
świadek; być świadkiem witness
36%
wart; wartość worth
36%
w obrębie; w ciągu; w zasięgu within
29%
by(czasownik modalny) would
29%
zawijać; owijać wrap
29%
dzika przyroda wildlife
21%
podczas gdy; natomiast whereas
14%
czy whether
7%
Nie znaleziono quizów pasujących do podanych kryteriów
Rozkład punktacji
Procent ludzi z każdym wynikiem
Percentyl według liczby udzielonych odpowiedzi
Twoja historia wyników
Nie rozwiązałeś tego quizu